Sintaxis del griego antiguo.

Guardat en:
Dades bibliogràfiques
Autor principal: Jiménez López, María Dolores (coordinadora, editora)
Format: Desconegut
Idioma:anglès
Publicat: Madrid, España: Consejo Superior de Investigaciones Científicas, 2022.
Edició:Segunda edición.
Col·lecció:Manuales y anejos de "Emerita"
Matèries:
Etiquetes: Afegir etiqueta
Sense etiquetes, Sigues el primer a etiquetar aquest registre!

MARC

LEADER 00000 a2200000 4500
003 CL-VaPUC
005 20231106131152.0
008 231102t2022 ||||| |||| 00| 0 eng d
999 |c 442133  |d 442131 
020 |a 978-84-00-10723-9 (OC) 
020 |a 978-84-00-11017-8 (v.I) 
020 |a 978-84-00-11018-5 (v.II) 
040 |c Pontificia Universidad Católica de Valparaíso 
082 |2 22  |a 485 JIM 2022 
100 |a Jiménez López, María Dolores  |9 885212  |e coordinadora  |e editora 
245 |a Sintaxis del griego antiguo. 
250 |a Segunda edición.  
260 |a Madrid, España:  |b Consejo Superior de Investigaciones Científicas,   |c 2022. 
300 |a 2 volúmenes.  
490 |a Manuales y anejos de "Emerita"  |n  LIV. 
505 |a v.I: Introducción. Sintaxis nominal. Preposiciones. Adverbios y partículas. v.II: Sintaxis verbal. Coordinación. Subordinación. Orden de palabras. 
583 |k GC  |c 20231102 
650 0 |9 490035  |a Idioma griego  |x Sintaxis y semántica  
650 0 |9 885460  |a Griego antiguo   |x Gramática 
942 |2 ddc  |c BK 
952 |0 0  |1 0  |2 ddc  |4 0  |6 485_000000000000000_JIM_2022  |7 0  |8 A  |9 592195  |a BIBTEO  |b BIBTEO  |c GEN  |d 2023-10-31  |e 108  |g 45386.00  |h v.I  |i 5659247  |l 3  |m 6  |o 485 JIM 2022  |p 5659247  |q 2025-07-07  |r 2025-03-07  |s 2025-03-07  |t 1  |v 45386.00  |w 2023-10-31  |y BK  |k ICR 
952 |0 0  |1 0  |2 ddc  |4 0  |6 485_000000000000000_JIM_2022  |7 0  |8 A  |9 592196  |a BIBTEO  |b BIBTEO  |c GEN  |d 2023-10-31  |e 108  |g 45386.00  |h v.II  |i 5659248  |l 3  |m 6  |o 485 JIM 2022  |p 5659248  |q 2025-07-07  |r 2025-03-07  |s 2025-03-07  |t 1  |v 45386.00  |w 2023-10-31  |y BK  |k ICR